| 000 | 00694nam a2200181 i 4500 | ||
|---|---|---|---|
| 001 | 42885 | ||
| 003 | ES-MaACL | ||
| 005 | 20230906160709.0 | ||
| 007 | t| | ||
| 008 | 030314s1922 sp |||| | spa d | ||
| 100 | 1 |
_aCerrageria, Condesa de. _937556 |
|
| 245 | 1 | 0 |
_aApuntes de cronología e historia de España en sus relaciones con las de Portugal, Francia e Inglaterra : _benterramientos de los soberanos españoles / _cCondesa de Cerragería. |
| 260 |
_aMadrid : _b[s.n., _c1922] ( _fImp. Clásica Española) |
||
| 300 |
_a316 p., [3] h. de lám. ; _c26 cm. |
||
| 651 | 4 |
_aEspaña- _xHistoria- _vCronología. _98341 |
|
| 651 | 4 |
_aEspaña- _xReyes y soberanos. _98492 |
|
| 852 |
_aES-MaACL _jB-855 |
||
| 999 |
_c42885 _d42885 |
||